000 00849nam a22002297a 4500
999 _c13568
_d13568
003 AR-CdUCM
008 190415b ||||| |||| 00| 0 spa d
040 _aMUNICIPALIDAD PROVINCIAL DEL CUSCO
_cBIBLIOTECA MUNICIPAL DEL CUSCO
082 _a920 /
_bV18
100 _aValderrama Fernandez, Ricardo
_97653
245 _aGregorio Condori Mamani :
_bAutobiografía /
260 _aCusco :
_bBartolomé de las Casas,
_c1977.
300 _a123 páginas ;
_bIlustraciones,
_c23 cm.
440 _aBiblioteca de la tradición oral andina ;
_n2
_932030
505 _aContenido: Gregorio -- Asunta , mujer de Gregorio.
650 _aCondori Mamani, Gregorio - Cusqueño
_932031
650 _aTrabajadores
_98056
650 _aCampesinos
_94401
700 _aEscalante Gutiérrez, Carmen (Coautora)
_930377
942 _2ddc
_cLIBROS
945 _aacv
_d2019-04-15